<?xml version="1.0" encoding="UTF-8"?><?xml-stylesheet type="text/xsl" href="static/style.xsl"?><OAI-PMH xmlns="http://www.openarchives.org/OAI/2.0/" xmlns:xsi="http://www.w3.org/2001/XMLSchema-instance" xsi:schemaLocation="http://www.openarchives.org/OAI/2.0/ http://www.openarchives.org/OAI/2.0/OAI-PMH.xsd"><responseDate>2026-06-05T14:41:23Z</responseDate><request verb="GetRecord" identifier="oai:riuma.uma.es:10630/25126" metadataPrefix="marc">https://riuma.uma.es/rest/oai/request</request><GetRecord><record><header><identifier>oai:riuma.uma.es:10630/25126</identifier><datestamp>2026-02-03T12:29:04Z</datestamp><setSpec>com_10630_2254</setSpec><setSpec>col_10630_37959</setSpec></header><metadata><record xmlns="http://www.loc.gov/MARC21/slim" xmlns:dcterms="http://purl.org/dc/terms/" xmlns:doc="http://www.lyncode.com/xoai" xmlns:xsi="http://www.w3.org/2001/XMLSchema-instance" xsi:schemaLocation="http://www.loc.gov/MARC21/slim http://www.loc.gov/standards/marcxml/schema/MARC21slim.xsd">
   <leader>00925njm 22002777a 4500</leader>
   <datafield ind2=" " ind1=" " tag="042">
      <subfield code="a">dc</subfield>
   </datafield>
   <datafield ind2=" " ind1=" " tag="720">
      <subfield code="a">Moreno-García, Patricia</subfield>
      <subfield code="e">author</subfield>
   </datafield>
   <datafield ind2=" " ind1=" " tag="720">
      <subfield code="a">Leiva-Rebollo, Rocío</subfield>
      <subfield code="e">author</subfield>
   </datafield>
   <datafield ind2=" " ind1=" " tag="720">
      <subfield code="a">García-Rosado, Esther</subfield>
      <subfield code="e">author</subfield>
   </datafield>
   <datafield ind2=" " ind1=" " tag="720">
      <subfield code="a">Béjar-Alvarado, Julia</subfield>
      <subfield code="e">author</subfield>
   </datafield>
   <datafield ind2=" " ind1=" " tag="720">
      <subfield code="a">Alonso-Sánchez, María del Carmen</subfield>
      <subfield code="e">author</subfield>
   </datafield>
   <datafield ind2=" " ind1=" " tag="260">
      <subfield code="c">2022-09</subfield>
   </datafield>
   <datafield ind2=" " ind1=" " tag="520">
      <subfield code="a">El sistema interferón tipo I (IFN-I) establece un estado antiviral mediante la transcripción de los llamados genes estimulados por IFN (ISG). Destaca el gen isg15, cuya proteína es la única descrita que presenta actividad citoquina&#xd;
La necrosis nerviosa viral es una enfermedad causada por el virus de la necrosis nerviosa (NNV, género Betanodavirus). Este virus se clasifica en 4 especies, siendo RGNNV la única asociada a elevadas mortalidades en lubina.&#xd;
El presente trabajo estudia la capacidad de la proteína ISG15 extracelular de lubina (Dl_ISG15) de establecer un estado antiviral en la línea celular E-11 frente a la infección por RGNNV. &#xd;
Se ha evaluado la interferencia de Dl_ISG15 sobre la propagación de un aislado RGNNV de lubina mediante ensayos de supervivencia celular (MTT) y cuantificación de genoma viral (qPCR) y de partículas infectivas (TCDI50). Además, se ha analizado la actividad inmunomoduladora de Dl_ISG15 sobre células E-11, cuantificando la transcripción de mx, tlr3, hsp70 y tnf-α.&#xd;
La proteína Dl_ISG15 extracelular protege frente a RGNNV. Así, el porcentaje de células E-11 expuestas a Dl_ISG15 que sobrevivió a la infección fue 92,6%, significativamente superior a la supervivencia de las células control (61%), resultado derivado del menor nivel de multiplicación vírica observado en las células tratadas. La inmunoprecipitación de Dl_ISG15 disminuye significativamente el porcentaje de supervivencia celular, lo que demuestra la participación directa de esta proteína en la protección observada. Además, Dl_ISG15 modula la transcripción de genes en las células diana, destacando el gen mx, fuertemente inducido a las 48 h en células expuestas a esta proteína. &#xd;
Finalmente, experimentos de supervivencia celular realizados con Dl_ISG15 recombinante (rDl_ISG15) han corroborado los resultados anteriormente expuestos. Así, células E-11 tratadas con rDl_ISG15 a 1,5 x 10-1 mg/mL quedan protegidas frente a la infección por el aislado RGNNV (93,1% de supervivencia).</subfield>
   </datafield>
   <datafield ind1="8" ind2=" " tag="024">
      <subfield code="a">https://hdl.handle.net/10630/25126</subfield>
   </datafield>
   <datafield tag="653" ind2=" " ind1=" ">
      <subfield code="a">Lubinas - Enfermedades por virus - Congresos</subfield>
   </datafield>
   <datafield ind2="0" ind1="0" tag="245">
      <subfield code="a">Estudio in vitro de la actividad tipo citoquina de ISG15 de lubina frente a infecciones por Betanodavirus</subfield>
   </datafield>
</record>
</metadata></record></GetRecord></OAI-PMH>